| 000 | 01316cam a2200289 a 4500 | ||
|---|---|---|---|
| 001 | 16105742 | ||
| 005 | 20160314154032.0 | ||
| 008 | 100224t2011 flua frbf 001 0 eng d | ||
| 010 | _a 2010005491 | ||
| 020 | _a9781574445541 (hbk. alk. paper) | ||
| 040 |
_aDLC _beng _cDLC _dDLC _dEG-ScBUE |
||
| 082 | 0 | 4 |
_a615.19 _bHAN _222 |
| 245 | 0 | 0 |
_aHandbook of HPLC / _cedited by Danilo Corradini ; consulting editor Terry M. Phillips. |
| 250 | _a2nd rev. and upd. ed. | ||
| 260 |
_aBoca Raton : _bCRC Press / Taylor & Francis, _cc.2011. |
||
| 300 |
_axix, 695 p. : _bill. ; _c26 cm. |
||
| 490 | 0 |
_aChromatographic science series ; _v101 |
|
| 500 | _aIndex : p. 683-695. | ||
| 504 | _aIncludes bibliographical references. | ||
| 520 | _aCovering advancements in separation technique, this book presents concepts including monolithic columns, bonded stationary phases, micro-HPLC, two-dimensional comprehensive liquid chromatography, and capillary electromigration techniques. It covers areas of HPLC application, including chiral pharmaceutical, food, and forensic analysis. | ||
| 650 | 0 |
_aHigh performance liquid chromatography _vHandbooks, manuals, etc _2BUEsh |
|
| 651 | _2BUEsh | ||
| 653 |
_bPPhrm _cMarch2016 |
||
| 700 | 1 |
_aCorradini, Danilo, _eeditor. |
|
| 700 | 1 |
_aPhillips, Terry M., _eeditor. |
|
| 942 | _2ddc | ||
| 999 |
_c21413 _d21385 |
||